000 01084cam a2200289 4500
008 000000n2000 000 0 eng u
020 _a0415231078
035 _a(Sirsi) u105614
050 _a692.8
100 _aChappell, David
245 _aUnderstanding JCT standard building contracts.
250 _a6th ed.
260 _aLondon
_bE & F N Spon
_c2000
300 _aviii,132p. ; 24cm.
350 _a15.99
520 _aSixth edition of a standard text, which takes into account JCT 98, IFC 98, MW 98 and the Housing Grants, Construction and Regeneration Act 1996. Also takes note of the Latham Report and recent case law.
520 _aSuperseded by 7th ed. (ISBN 0415306310)
650 _aJCT MINOR WORKS AGREEMENT 1998
650 _aDISPUTE RESOLUTION
_96236
650 _aBUILT ENVIRONMENT-BUILDING CONTRACT FORMS
650 _aCLAIMS
650 _aINTERMEDIATE FORM OF BUILDING CONTRACT 1998
650 _aInsurance
_96249
650 _aJCT STANDARD FORM OF BUILDING CONTRACT 1998
690 _aBUILT ENVIRONMENT-BUILDING CONTRACT FORMS
942 _n0
999 _c100446
_d100446